| 000 | 00779 a2200169 4500 | ||
|---|---|---|---|
| 003 | Nust | ||
| 005 | 20221017122341.0 | ||
| 040 | _cNust | ||
| 082 | _a617.712,ABI | ||
| 100 |
_aAbidi, Hussain Syed Akram _9100435 |
||
| 245 |
_aImage intensifier tubes for night vision systems / _cDr Akram S Hussain Abidi |
||
| 260 |
_aRawalpindi _bNUST _c2004. |
||
| 300 | _a201:p | ||
| 505 | _aGeneral Information About Image Intensifier Tubes (Page-7), Photocathodes for Light to Electrons Conversion (Page-65), Microchannel Plate (Page-87), Phosphor Screen (Page-111), Power Supply (Page-125), Key Parameters of Image Intensifier Tube (Page-140), Performance Parameters of Image Intensifier Tubes and Their Measurements (Page-116). | ||
| 650 |
_aImage intensifier _9100436 |
||
| 942 |
_2ddc _cBK |
||
| 999 |
_c183218 _d183218 |
||